Inequality and optimal redistributive tax and transfer policies
Enregistré dans:
| Auteur principal: | |
|---|---|
| Format: | Livre |
| Langue: | anglais |
| Publié: |
Washington
International Monetary Fund
1999
|
| Collection: | IMF working paper
WP/99/60 |
| Sujets: | |
| Tags: |
Pas de tags, Soyez le premier à ajouter un tag!
|
MARC
| LEADER | 00000nam a2200000 4500 | ||
|---|---|---|---|
| 001 | c116321 | ||
| 005 | 20221221082637.7 | ||
| 041 | 0 | |a eng | |
| 044 | |a US | ||
| 245 | 1 | 0 | |a Inequality and optimal redistributive tax and transfer policies |c Prepared by Howell H. Zee |
| 264 | 1 | |a Washington |b International Monetary Fund |c 1999 | |
| 300 | |a 29 s. | ||
| 490 | 1 | |a IMF working paper |v WP/99/60 | |
| 830 | 0 | |a IMF working paper |v WP/99/60 | |
| 610 | 2 | 0 | |a dane |
| 610 | 2 | 0 | |a zdaňovanie |
| 610 | 2 | 0 | |a politika daňová |
| 610 | 2 | 0 | |a politika hospodárska |
| 100 | 1 | |a Zee, Howell H. | |